| 000 | 00976nam a2200253 u 4500 | ||
|---|---|---|---|
| 003 | DO-SdBNP | ||
| 005 | 20210527105202.0 | ||
| 008 | 090723s1984 dr ac r 001 0 spa d | ||
| 040 |
_aBPMSU _bspa _cBPMSU |
||
| 082 |
_a335.43097293 _bV422m 1984 _222 |
||
| 100 |
_aVega, Bernardo, _d1938 - |
||
| 245 | 1 | 3 |
_aLa migración española de 1939 y los inicios del Marxismo-Leninismo en La República Dominicana / _cBernardo Vega. |
| 260 |
_aSanto Domingo : _bFundación Cultural Dominicana, _c1984 |
||
| 300 |
_a208 p. : _bil ; _c23 cm. |
||
| 500 | _aIncluye referencias bibliográficas y notas al pie de las páginas | ||
| 504 | _aBibliografía: p. 207-208 | ||
| 590 | _aInventariado, 2021/VM | ||
| 650 | 4 |
_aComunismo _zRepública Dominicana _xHistoria |
|
| 650 | 4 |
_aEspañoles _zRepública Dominicana _xHistoria |
|
| 651 | 4 |
_aRepública Dominicana _xEmigración e inmigración _xHistoria |
|
| 651 | 4 |
_aEspaña _xEmigración e inmigración |
|
| 910 | _aVMateo | ||
| 942 |
_2ddc _cBK |
||
| 999 |
_c13542 _d13542 |
||